000 01583nam a2200289Ia 4500
999 _c55052
_d55052
001 22127
003 GE_BSU
005 20221114105327.0
008 181216s ||||ge |||||||||||||| ||geo||
020 _a9789941213120
040 _cGE_BSU
041 _ageo
080 _a629.113(73):338.22(73) ჰ-48
245 _aჰენრი ფორდი = Ford :
_b[საავტომობილო კომპანიის დამფუძნებელი] ბიზნესის გენია ტ.4 /
_cშემდგ. ირმა ხარშილაძე ; მთ. რედ. ნინო დეკანოსიძე].
264 _aთბილისი :
_bპალიტრა L,
_c2013.
300 _a92 გვ. :
_b ფოტ. ;
_c20 სმ.
490 _aბიზნესის გენია 2298-0989 ტ. 4
501 _aგამოყენებული ფოტომასალა გვ. : 90-91
541 _h3ლ.75თ.
653 _aამერიკელი ბიზნესმენები
653 _aეკონომიკა
653 _aტრანსპორტი
653 _aჰენრი ფორდი = Ford : [საავტომობილო კომპანიის დამფუძნებელი] ბიზნესის გენია ტ.4
700 _aხარშილაძე, ირმა
_eშემდგენელი
_91324
710 _aდეკანოსიძე, ნინო
_bმთავარი რედაქტორი
_915792
942 _cBK
_2udc